Movimientos sociales hoy: actores y analistas

Uloženo v:
Podrobná bibliografie
Hlavní autor: Touraine, Alain (Autor)
Médium: Kniha
Jazyk:španělština
Vydáno: Barcelona Hacer 1990
Témata:
Tagy: Přidat tag
Žádné tagy, Buďte první, kdo vytvoří štítek k tomuto záznamu!

MARC

LEADER 00000nam a2200000 a 4500
001 UCQ8629
003 CL-VaPUC
008 981210e19900000SP |||||||||||||||||spa|d
082 0 4 |a 303.4  |b TOU  |2 21 
100 0 |a Touraine, Alain  |e author  |9 422708 
245 1 0 |a Movimientos sociales hoy: actores y analistas 
300 |a 220 p 
942 |c BK 
945 |d 19981210 00:00:00  |a aarredon 
260 |a Barcelona  |b Hacer  |c 1990 
650 0 |a Movimientos sociales  |9 315241 
650 0 |a Conflicto social  |9 255404 
650 7 |a SISTEMA SOCIAL  |2 CL-VaPUC  |9 386013 
650 7 |a SISTEMA POLITICO  |2 CL-VaPUC  |9 373559 
650 0 |a Sociología   |9 255410 
650 7 |a SINDICALISMO  |2 CL-VaPUC  |9 422709 
650 0 |a Socialismo  |9 255260 
650 0 |a Partidos políticos  |9 254999 
583 |a last modification  |c 19981210 00:00:00  |k Rodrigo Vera 
999 |c 277843  |d 277841 
952 |0 0  |1 0  |4 0  |6 303_400000000000000_TOU_1990  |7 0  |8 A  |9 316079  |a BIBGIM  |b BIBGIM  |d 2019-11-20  |i 3490912  |l 1  |o 303.4 TOU 1990  |p 3490912  |r 2025-01-15  |s 2024-04-08  |w 2019-11-20  |y BK  |k SSL